| 000 | 02392nam a2200217 a 4500 | ||
|---|---|---|---|
| 001 | 000021214 | ||
| 005 | 20200930011250.0 | ||
| 008 | 100902s2003 dr 000 0bspa d | ||
| 040 |
_aDO-SdBNP _bspa _cBNPHU |
||
| 082 |
_a923.77295 _bH831eu |
||
| 245 | 0 | 0 |
_aEugenio María de Hostos 1839-1903 : _bhomenaje dominicano a su memoria. |
| 260 |
_aSanto Domingo : _bFERILIBRO, _c2003. |
||
| 300 |
_a212 p. ; _c22 cm. |
||
| 500 | _aIncluye referencias bibliográficas y notas al pie de las páginas | ||
| 505 | 0 |
_gPrimera parte- Biografía y relación _gPresentación -- _gNoticia biográfica -- _gNoticia biográfica general hasta 1874-- _gRelación y actos de duelo -- _gResolución del Ayuntamiento de Santo Domingo -- _tActos realizados en honor a la memoria del señor Hostos -- _gSegunda parte-Homenaje de la prensa -- _tDe El doctrinario, de Santo Domingo -- _tDe El Diario, de Sgo. de los Caballeros -- _tDe El Civismo, de Sgo de los Caballeros -- _tDe El Eco del Sur, de Azua -- _tDe La Concordia, de La Vega -- _tDe El Pueblo, de Moca -- _tDe La Cuna de América, de Santo Domingo -- _tDel Listín Diario, de Santo Domingo: M.F. Cestero, Ming A. Garrido, A. Angulo, Teresa R. De Glass y otros -- _tDe La Voz Macorisana del Norte: C. F. Moya -- _tDe El Pregonero, de Pto Plata: Arm. Rordríguez Victoria -- _tInmortal, por Luisa Ozema Pellerano -- _tHostos, por Pedro N. Henríquez Ureña -- _tHomenaje, (poesía), por J. F. Mejía -- _tA su memoria (poesía) por Apolinar Perdomo -- _tE. M. Hostos, por M. de J. Rodríguez B. -- _tHostos, por Max A. Henríquez Ureña -- _gTercera parte- Ofrendas literarias -- _tSalve, por Mercedes Laura Aguiar-- _tHostos, por J. E. Buñols -- _tVoto, por Cro. N. De Moya -- _tDolor, (poesía), por Valentín Giró -- _tInmortal, por Carmen L. De Mennier -- _tE. M. Hostos, por J.R. Aristy -- _tE. M. Hostos, por R.O. Lovatón -- _tIn memoriam, por Félix E. Mejía -- _tE. M. Hostos, Pelegrín I. Castillo -- _tE.M. Hostos, por Mariano A Cestero -- _tEugenio M. Hostos, por Gastón F. Deligne -- _tHostos, por Fed. Henríquez y Carvajal -- _tUltimas ofrendas |
|
| 590 | _aInventariado, 2020/VM | ||
| 600 | 1 | 4 |
_aHOSTOS Y BONILLA, EUGENIO MARÍA DE, _d1839-1903 _vCORRESPONDENCIAS, MEMORIAS, ETC. _944341 |
| 600 | 1 | 4 |
_aHOSTOS Y BONILLA, EUGENIO MARÍA DE, _d1839-1903 _xHISTORIA Y CRÍTICA _944342 |
| 650 | 4 |
_aIntelectuales _zPuerto Rico _91002 |
|
| 910 | _aValidado. Control de calidad MMOLINA | ||
| 999 |
_c20715 _d20715 |
||